Sto let bankovnictví a koruny: Od optimizmu první republiky po rozdělení státu
Vývoj československého bankovníctva po prvej svetovej vojne. Stručný opis vzniku Národnej banky Československej v roku 1926. Banky a veľká hospodárska kríza. Nemecký dohľad nad bankami počas druhej svetovej vojny a znárodnenie bánk po ukončení vojny. Menové reformy.
Gespeichert in:
| 1. Verfasser: | |
|---|---|
| Format: | Buchkapitel |
| Sprache: | Tschechisch |
| Schlagworte: | |
| Tags: |
Keine Tags, Fügen Sie das erste Tag hinzu!
|
MARC
| LEADER | 00000naa a2200000 4500 | ||
|---|---|---|---|
| 001 | 0257001 | ||
| 005 | 20221104110617.1 | ||
| 041 | 0 | |a cze | |
| 044 | |a CZ | ||
| 245 | 1 | 0 | |a Sto let bankovnictví a koruny: Od optimizmu první republiky po rozdělení státu |c František Mašek |
| 520 | |a Vývoj československého bankovníctva po prvej svetovej vojne. Stručný opis vzniku Národnej banky Československej v roku 1926. Banky a veľká hospodárska kríza. Nemecký dohľad nad bankami počas druhej svetovej vojny a znárodnenie bánk po ukončení vojny. Menové reformy. | ||
| 610 | 2 | 0 | |a história |
| 610 | 2 | 0 | |a banky centrálne |
| 610 | 2 | 0 | |a banky |
| 610 | 2 | 0 | |a Československo |
| 610 | 2 | 0 | |a reformy menové |
| 610 | 2 | 0 | |a mena |
| 100 | 1 | |a Mašek, František | |